Electronic money sustaining low inflation?

Salvato in:
Dettagli Bibliografici
Autore principale: Marimon, Ramon
Altri autori: Nicolini, Juan Pablo, Teles, Pedro
Natura: Libro
Lingua:inglese
Pubblicazione: San Domenico (FI) European University Institute 1998
Serie:EUI Working paper ECO No. 98/15
Soggetti:
Tags: Aggiungi Tag
Nessun Tag, puoi essere il primo ad aggiungerne!!

MARC

LEADER 00000nam a2200000 4500
001 c133234
005 20221109093407.9
041 0 |a eng 
044 |a IT 
245 1 0 |a Electronic money  |b sustaining low inflation?  |c Ramon Marimon, Juan Pablo Nicolini and Pedro Teles 
264 1 |a San Domenico (FI)  |b European University Institute  |c 1998 
300 |a 32 s. 
490 1 |a EUI Working paper ECO  |v No. 98/15 
830 0 |a EUI Working paper ECO  |v No. 98/15 
610 2 0 |a peniaze elektronické 
610 2 0 |a inflácia 
610 2 0 |a modely ekonomicko-matematické 
100 1 |a Marimon, Ramon 
700 1 |a Nicolini, Juan Pablo 
700 1 |a Teles, Pedro